01768 a2200169 45000010006000000050017000060080041000230030015000640400040000790800068001192450046001872640090002333000019003235051229003420410008015711000019015795450420260407155817.0260407a1995 arg spa dAR-UNSa-BCEJYS aAR-UNSa-BCEJYSbspacAR-UNSa-BCEJYS a336.1xFinanzas Públicas. Finanzas del gobierno en general 10aFinanzas públicas y economía espacial 1aLa Plata :bUniversidad Nacional de la Plata. Facultad de Ciencias Económicasc1995 a265 p,c22 cm. aECONOMÍA ESPACIAL - I. Indicadores de desarrollo regional en la República Argentina: Resultados preliminares - II. Indicadores de desarrollo regional de la República Argentina.Más de dos décadas después - III. Integración social, productividad y políticas distributivas: Un análisis exploratorio - IV. Convergencia entre regiones.Algunos resultados empíricos para la Argentina, 1953-1980 - FINANZAS PÚBLICAS - I. Descentralización fiscal: Algunas lecciones para Latinoamérica - II. Alternativas de sustitución del impuesto a los ingresos brutos,disparidades regionales y evaluación de equilibrio general - III. Medidas de equidad y política fiscal: Teoría y una aplicación - IV. Impuestos ambientales óptimos y la tributación diferencial de las naftas con o sin plomo - V. Análisis económicos de las garantías establecidas por el proyecto de la ley nacional del sistema integrado de jubilaciones y pensiones - VI. Federalismo fiscal: una revisión de la literatura sobre asignación de potestades fiscales - VII. Elementos para una discusión pendiente: el federalismo fiscal - VIII. Evasión impositiva y corrupción: un tratamiento integrador de dos modelos alternativos aspa1 aPorto, Alberto